000 00291nam a22001337a 4500
008 180109b xxu||||| |||| 00| 0 eng d
020 _a0669130877
041 _aeng
080 _a339.138
100 _a60
101 _aMAR
245 _aCHILDREN AS CONSUMERS
_cNEAL,J,U
942 _2udc
_cBK
999 _c39866
_d39866